Statistiken für Alle Boden-Pokemon (Gen 1)

Klicken Sie hier um das Quiz zu spielen!

Allgemein

  • Dieses Quiz wurde 129 mal gespielt
  • Das Durchschnittsergebnis liegt bei 10 aus 14

Antwortstatistiken

HintAntwort% Korrekt
#076Geowaz
86%
#050Digda
84%
#074Kleinstein
84%
#075Georok
83%
#051Digdri
82%
#095Onix
81%
#028Sandamer
80%
#027Sandan
79%
#111Rihorn
70%
#112Rizeros
68%
#034Nidoking
59%
#031Nidoqueen
58%
#105Knogga
49%
#104Tragosso
47%

Verteilung der Resultate

Perzentil nach korrekt beantworteten Fragen

Anzahl Personen mit jedem Resultat

Ihre Resultats-Entwicklung

Sie haben dieses Quiz noch nicht gespielt